Statistics for Political history of Rome

Click here to take the quiz!

General Stats

  • This quiz has been taken 407 times
  • The average score is 6 of 15

Answer Stats

HintAnswer% Correct
First roman emperor (27BC)Caesar Augustus
88%
Main political institution in the whole history of RomeSenate
85%
Highest political status in Roman republicConsul
79%
Mad roman emperor who named his horse for a senatorCaesar Caligula
72%
In case of war or other threats to the republic one of the consuls becomes what?Dictator
60%
The greatest expansion of empire was under the rule of this emperorCaesar Trajan
52%
Founding of Rome, begining of the Roman kingdom (year)753 BC
38%
Title given to a roman kingRex
38%
Last roman kingTarquinius Superbus
30%
Christianity was adopted as the offical state religion by which emperor?Caesar Theodosius
20%
Elected politicans that were responsible for public ordersAediles
19%
Emperor who was named after the first roman king and first roman emperor is famous for what reason?Last emperor of west roman empire
19%
First period of Roman empire (era of expansion)Principate
10%
Two major political parites of roman republicOptimates and Populares
7%
˝The law of the twelve Tables˝ is what?First written roman law
3%

Score Distribution

Percentile by Number Answered

Percent of People with Each Score

Your Score History

You have not taken this quiz